[Event "21st Asia-ch (w)"]
[Site "Chengdu CHN"]
[Date "2017.05.13"]
[Round "2.23"]
[White "Hamedi Nia, Vesal"]
[Black "Ning Kaiyu"]
[Result "0-1"]
[WhiteElo "1998"]
[BlackElo "2134"]
[EventDate "2017.05.12"]
[PlyCount "76"]

1.d4 d5 2.c4 dxc4 3.e3 e5 4.Bxc4 exd4 5.exd4 Bd6 6.Nf3 Nf6 7.O-O O-O 8.Bg5
Bg4 9.Be2 Nbd7 10.Nc3 a6 11.Qb3 Nb6 12.Rad1 Be7 13.Rfe1 Re8 14.Ne5 Be6 15.
Qc2 Nfd5 16.Bxe7 Qxe7 17.Bf3 Rad8 18.h3 c6 19.Be4 Qh4 20.a3 Re7 21.Bf3 Nf4
22.b4 Ng6 23.Nxg6 hxg6 24.Re4 Bf5 25.Rxh4 Bxc2 26.Rc1 Bf5 27.Rf4 Nc4 28.a4
Nb2 29.Be2 Rde8 30.Bf1 Re1 31.Rxe1 Rxe1 32.Ne2 Nc4 33.Ng3 Nd2 34.Nxf5 
Rxf1+ 35.Kh2 gxf5 36.Rxf5 Ra1 37.d5 Nf1+ 38.Kg1 Ne3+ 0-1

[Event "21st Asia-ch (w)"]
[Site "Chengdu CHN"]
[Date "2017.05.13"]
[Round "2.24"]
[White "Shamima, Akter Liza"]
[Black "Song Yuxin"]
[Result "1-0"]
[WhiteElo "2109"]
[BlackElo "1977"]
[EventDate "2017.05.12"]
[PlyCount "109"]

1.e4 c5 2.Nf3 d6 3.d4 cxd4 4.Nxd4 Nf6 5.Nc3 a6 6.Bg5 e6 7.f4 h6 8.Bh4 Qb6 
9.a3 Be7 10.Bf2 Qc7 11.Qf3 Nc6 12.Nb3 b5 13.O-O-O Bd7 14.g4 g5 15.e5 Nh7 
16.exd6 Bxd6 17.f5 O-O 18.Qh3 Nf6 19.Rxd6 Qxd6 20.Bg3 Qe7 21.Bd3 Kg7 22.
Re1 Rh8 23.Qg2 Rac8 24.Nd2 b4 25.Nce4 bxa3 26.Bd6 axb2+ 27.Kb1 Qd8 28.Nxf6
Qa5 29.Nh5+ Kg8 30.Kxb2 Nd4 31.Nf6+ Kg7 32.Nh5+ Kg8 33.Nf6+ Kg7 34.Nxd7 
Nxc2 35.Be5+ Kg8 36.Bxc2 Qb5+ 37.Nb3 Qxd7 38.fxe6 Qxe6 39.Bf5 Qe8 40.Bxc8 
Rh7 41.Bf5 Rg7 42.Bc3 Qf8 43.Bxg7 Qxg7+ 44.Ka2 Qc3 45.Re8+ Kg7 46.Qb2 
Qxb2+ 47.Kxb2 Kf6 48.Nc5 a5 49.Ka3 h5 50.Ne4+ Kg7 51.gxh5 a4 52.Kxa4 f6 
53.h6+ Kxh6 54.Re7 Kh5 55.Rh7# 1-0

[Event "21st Asia-ch (w)"]
[Site "Chengdu CHN"]
[Date "2017.05.13"]
[Round "2.25"]
[White "Khan, Nazrana"]
[Black "Tan Li Ting"]
[Result "0-1"]
[WhiteElo "1912"]
[BlackElo "2091"]
[EventDate "2017.05.12"]
[PlyCount "98"]

1.d4 Nf6 2.c4 e6 3.Nf3 b6 4.g3 Ba6 5.b3 d5 6.cxd5 exd5 7.Bg2 Bb4+ 8.Bd2 
Bd6 9.O-O O-O 10.Nc3 Nbd7 11.Re1 Re8 12.Qc2 Rc8 13.a3 c6 14.Bh3 Rc7 15.e4 
dxe4 16.Nxe4 Nxe4 17.Rxe4 Rxe4 18.Qxe4 Nf6 19.Bg5 h6 20.Bxf6 Qxf6 21.Ne5 
Re7 22.f4 Bb7 23.Qf5 Qxf5 24.Bxf5 f6 25.Nc4 Bc7 26.Kf2 b5 27.Nb2 Bb6 28.
Rd1 Kf7 29.b4 g6 30.Bc2 Bc8 31.Rd2 a5 32.Kf3 axb4 33.axb4 h5 34.Bb3+ Kf8 
35.Bc2 Kg7 36.Nd1 Bg4+ 37.Kg2 Bxd4 38.Rxd4 Re2+ 39.Kg1 Rxc2 40.Ne3 Rc3 41.
Nxg4 hxg4 42.Kf2 Rc2+ 43.Kg1 Kf7 44.Re4 Rc4 45.Rxc4 bxc4 46.Kf2 Ke6 47.Ke2
Kd5 48.Ke3 f5 49.Kd2 Kd4 0-1

[Event "21st Asia-ch (w)"]
[Site "Chengdu CHN"]
[Date "2017.05.14"]
[Round "3.4"]
[White "Pham Le Thao Nguyen"]
[Black "Nguyen Thi Mai Hung"]
[Result "1-0"]
[WhiteElo "2331"]
[BlackElo "2257"]
[EventDate "2017.05.12"]
[PlyCount "150"]

1.d4 d5 2.Nf3 Nf6 3.c4 c6 4.Nc3 e6 5.e3 Nbd7 6.Qc2 Bd6 7.Bd3 O-O 8.O-O 
dxc4 9.Bxc4 b5 10.Be2 Bb7 11.e4 e5 12.dxe5 Nxe5 13.Nd4 Ng6 14.Nf5 Bb8 15.
f4 a6 16.e5 Nd5 17.Nxd5 cxd5 18.Be3 Re8 19.Kh1 f6 20.exf6 Qxf6 21.Bd3 Qc6 
22.Qb3 Rf8 23.Nd4 Qd6 24.Bf5 Kh8 25.Rad1 Ba7 26.Qc2 Qf6 27.Bxg6 Qxg6 28.f5
Qh5 29.Rf3 Rac8 30.Qd3 Rf6 31.Rdf1 Bb8 32.Bf4 Bxf4 33.Rxf4 Re8 34.Qg3 Qf7 
35.h3 Bc8 36.Qf3 Re5 37.Qc3 Qe8 38.a3 Re4 39.Qc7 h6 40.Rg4 Rxg4 41.hxg4 
Rf7 42.Qc5 Qd8 43.Kg1 Bb7 44.Ne6 Qe7 45.Qd4 Kg8 46.Nxg7 Qe4 47.Ne6 Bc8 48.
Qxe4 dxe4 49.Nc5 e3 50.Rf3 Re7 51.Kf1 Re5 52.b4 h5 53.gxh5 Bxf5 54.Rg3+ 
Kf7 55.Ke2 a5 56.h6 Bg6 57.Rf3+ Kg8 58.Rxe3 Rg5 59.Kf2 axb4 60.axb4 Kh7 
61.Ne6 Rf5+ 62.Rf3 Kxh6 63.g4 Rxf3+ 64.Kxf3 Bd3 65.Kf4 Kg6 66.Nc5 Bb1 67.
Nd7 Bc2 68.Ne5+ Kf6 69.Nf3 Bd3 70.Nd4 Bf1 71.g5+ Kg6 72.Nf3 Be2 73.Ne5+ 
Kg7 74.Kf5 Bd1 75.Kf4 Be2 1-0

[Event "21st Asia-ch (w)"]
[Site "Chengdu CHN"]
[Date "2017.05.14"]
[Round "3.4"]
[White "Nakhbaeva, Guliskhan"]
[Black "Vo Thi Kim Phung"]
[Result "1/2-1/2"]
[WhiteElo "2321"]
[BlackElo "2323"]
[EventDate "2017.05.12"]
[PlyCount "152"]

1.d4 Nf6 2.c4 e5 3.dxe5 Ng4 4.Nf3 Nc6 5.Bf4 Bb4+ 6.Nbd2 Qe7 7.a3 Ngxe5 8.
Nxe5 Nxe5 9.e3 Bxd2+ 10.Qxd2 d6 11.Be2 a5 12.Rc1 O-O 13.c5 dxc5 14.Qd5 Ng6
15.Bg3 Qf6 16.Qxc5 Qxb2 17.Bxc7 Bd7 18.Bd3 Bc6 19.O-O Rac8 20.Qxa5 Rfe8 
21.Rb1 Qa2 22.Ra1 Qb3 23.Rfd1 Ra8 24.Qb4 Qd5 25.Bf1 Qh5 26.Rd4 Qg5 27.a4 
Nf8 28.Bg3 Ne6 29.Rdd1 Qa5 30.Rdb1 Qd5 31.a5 Red8 32.h4 g6 33.Qc3 Ng7 34.
a6 bxa6 35.Rd1 Qe4 36.Rxd8+ Rxd8 37.Rxa6 Bb7 38.Ra1 Nf5 39.Bf4 Rc8 40.Qf6 
Qc6 41.Qxc6 Bxc6 42.g3 Bf3 43.Be5 Re8 44.Ra5 Ra8 45.Rb5 Rc8 46.Kh2 Nh6 47.
Kg1 Ng4 48.Bb2 f5 49.Bd3 Kf7 50.Bxf5 Rd8 51.Bd4 Ra8 52.Bd3 Rc8 53.Bb2 Rd8 
54.Bd4 Rc8 55.Rb1 Ke6 56.e4 Rc6 57.Re1 Rd6 58.Bc4+ Kd7 59.Bc5 Rd2 60.e5 
Kc6 61.Ba7 Kb7 62.Be3 Rc2 63.Bb3 Nxe3 64.Rb1 Kc6 65.Bxc2 Nxc2 66.Rb3 Nd4 
67.Rd3 Kc5 68.e6 Bc6 69.e7 Be8 70.f4 h5 71.Kf2 Bb5 72.Rd1 Nf5 73.Re1 Be8 
74.Re5+ Kd6 75.g4 Nxe7 76.Kg3 hxg4 1/2-1/2

[Event "21st Asia-ch (w)"]
[Site "Chengdu CHN"]
[Date "2017.05.14"]
[Round "3.4"]
[White "Mohota, Nisha"]
[Black "Khademalsharieh, Sarasadat"]
[Result "1/2-1/2"]
[WhiteElo "2260"]
[BlackElo "2450"]
[EventDate "2017.05.12"]
[PlyCount "82"]

1.e4 e5 2.Nf3 Nc6 3.Bc4 Bc5 4.O-O Nf6 5.d3 O-O 6.a4 a6 7.Nbd2 h6 8.Re1 d6 
9.c3 Be6 10.b4 Ba7 11.Bxe6 fxe6 12.Nf1 Qd7 13.Be3 Bxe3 14.fxe3 Ne7 15.Ng3 
Ng6 16.Qb3 Qe7 17.b5 Nd7 18.d4 a5 19.Rf1 Kh7 20.Rae1 Rae8 21.Qa2 Rf7 22.
Nd2 Rf6 23.Nb3 b6 24.Nd2 Ref8 25.Qc4 Rxf1+ 26.Rxf1 Rxf1+ 27.Ndxf1 Nf6 28.
Nd2 Ng4 29.Ndf1 Qf6 30.Qe2 Qh4 31.h3 Nf6 32.Qf3 Qg5 33.Kh2 d5 34.Nd2 exd4 
35.cxd4 e5 36.dxe5 Nxe5 37.Qf5+ Qxf5 38.exf5 Kg8 39.Ne2 Nd3 40.Nc3 Kf7 41.
g4 Ke7 1/2-1/2

[Event "21st Asia-ch (w)"]
[Site "Chengdu CHN"]
[Date "2017.05.14"]
[Round "3.13"]
[White "Ren Xiaoyi"]
[Black "Wen Yili"]
[Result "1-0"]
[WhiteElo "2257"]
[BlackElo "1723"]
[EventDate "2017.05.12"]
[PlyCount "93"]

1.d4 Nf6 2.c4 e6 3.g3 d5 4.Bg2 Be7 5.Nf3 O-O 6.O-O dxc4 7.Nc3 c5 8.dxc5 
Qxd1 9.Rxd1 Nc6 10.Nd2 Rd8 11.Nxc4 Rxd1+ 12.Nxd1 Bxc5 13.Be3 Bxe3 14.Ndxe3
Bd7 15.Nd6 Rb8 16.Rc1 Kf8 17.b3 Ke7 18.Rd1 Nd8 19.Nec4 Bc6 20.e4 Nd7 21.
Na5 f6 22.f4 g6 23.Kf2 e5 24.Bh3 Nc5 25.fxe5 fxe5 26.Ke3 Bd7 27.Bf1 Be6 
28.Nb5 Rc8 29.b4 Nd7 30.Nxa7 Rc2 31.Bb5 Nb6 32.a3 Rxh2 33.Rc1 Rg2 34.Nxb7 
Nxb7 35.Rc7+ Kf6 36.Rxb7 Rxg3+ 37.Kf2 Rxa3 38.Rxb6 Rxa7 39.Bc4 Re7 40.b5 
Kf7 41.Rxe6 Rxe6 42.b6 Ke7 43.Bxe6 Kd6 44.Bd5 g5 45.Kg3 h5 46.Kh3 Kd7 47.
Bf7 1-0

[Event "21st Asia-ch (w)"]
[Site "Chengdu CHN"]
[Date "2017.05.14"]
[Round "3.14"]
[White "Tan Li Ting"]
[Black "Nandhidhaa, Venkatachalam"]
[Result "1/2-1/2"]
[WhiteElo "2091"]
[BlackElo "2252"]
[EventDate "2017.05.12"]
[PlyCount "104"]

1.d4 Nf6 2.c4 g6 3.Nc3 d5 4.cxd5 Nxd5 5.e4 Nxc3 6.bxc3 Bg7 7.Be3 O-O 8.Bc4
c5 9.Ne2 Nc6 10.O-O Qc7 11.Rc1 Na5 12.Bd3 b6 13.f4 Bb7 14.f5 Rad8 15.Qe1 
Qd7 16.Qh4 cxd4 17.cxd4 Rc8 18.Rxc8 Rxc8 19.Rf3 Nc4 20.Rh3 Nxe3 21.Qxh7+ 
Kf8 22.Rxe3 Bxd4 23.Kf1 gxf5 24.Rg3 e6 25.Rg8+ Ke7 26.Rxc8 Bxc8 27.exf5 
Bf6 28.fxe6 Qxe6 29.Nf4 Qxa2 30.Qe4+ Be6 31.Qb7+ Kf8 32.Qb8+ Kg7 33.Nh5+ 
Kh6 34.Nxf6 Qa1+ 35.Ke2 Qxf6 36.Qxa7 Qe5+ 37.Kd2 Qb2+ 38.Ke1 Qc1+ 39.Kf2 
Qd2+ 40.Be2 Qd4+ 41.Kf1 Qf4+ 42.Ke1 Qe3 43.Kf1 Bd5 44.Qa6 Qf4+ 45.Ke1 Qd4 
46.Kf1 Qf6+ 47.Kg1 Qg6 48.g3 Qb1+ 49.Kf2 Qf5+ 50.Ke1 Qb1+ 51.Kf2 Qf5+ 52.
Ke1 Qb1+ 1/2-1/2

[Event "21st Asia-ch (w)"]
[Site "Chengdu CHN"]
[Date "2017.05.14"]
[Round "3.16"]
[White "Doan Thi Van Anh"]
[Black "Chu Ruotong"]
[Result "1-0"]
[WhiteElo "1997"]
[BlackElo "2251"]
[EventDate "2017.05.12"]
[PlyCount "113"]

1.d4 Nf6 2.Nf3 g6 3.g3 Bg7 4.Bg2 d5 5.O-O c6 6.b3 O-O 7.Bb2 Ne4 8.Nbd2 Bf5
9.Nh4 Nxd2 10.Qxd2 Be6 11.f4 f5 12.Nf3 Nd7 13.Ng5 Bf7 14.c4 Nf6 15.Nxf7 
Rxf7 16.c5 Ne4 17.Qc2 e6 18.b4 b5 19.a4 a6 20.Ra3 Rb7 21.Rfa1 Rab8 22.Bxe4
dxe4 23.Qd2 Kf7 24.e3 Bf6 25.Bc3 Qd5 26.axb5 axb5 27.Ra6 Ke8 28.h3 Bd8 29.
Qe2 Rc8 30.g4 Qd7 31.g5 Rcc7 32.Qa2 Qd5 33.Qa3 Qc4 34.Kf2 Qd5 35.Bd2 Qd7 
36.Bc3 Qd5 37.Bb2 Rd7 38.Qc3 Bc7 39.h4 h5 40.Qa3 Bd8 41.Ra8 Rdc7 42.Qc3 
Kd7 43.R1a3 Rc8 44.R8a6 Rcc7 45.Qc1 Rc8 46.Bc3 Rcc7 47.Bd2 Rc8 48.Qa1 Rcc7
49.Rb6 Ke8 50.Ra8 Ke7 51.Qa6 Qd7 52.Rxb7 Rxb7 53.d5 exd5 54.Bc3 d4 55.Bxd4
Ke8 56.Kg3 Qf7 57.Rxd8+ 1-0

[Event "21st Asia-ch (w)"]
[Site "Chengdu CHN"]
[Date "2017.05.14"]
[Round "3.17"]
[White "Omurbekova, Diana"]
[Black "Li Xueyi"]
[Result "0-1"]
[WhiteElo "1822"]
[BlackElo "2161"]
[EventDate "2017.05.12"]
[PlyCount "126"]

1.e4 c6 2.d4 d5 3.Nd2 dxe4 4.Nxe4 Bf5 5.Ng3 Bg6 6.h4 h6 7.Nh3 e6 8.Nf4 Bh7
9.Bc4 Nf6 10.c3 Bd6 11.Ngh5 Rg8 12.Qe2 Qe7 13.Bd2 Nbd7 14.O-O-O O-O-O 15.
Rde1 Rde8 16.Nxf6 Qxf6 17.Bd3 Bxf4 18.Bxh7 Bxd2+ 19.Qxd2 Rh8 20.Bc2 g5 21.
hxg5 hxg5 22.c4 Rxh1 23.Rxh1 Nb6 24.b3 Rd8 25.Rd1 Kb8 26.Qe3 c5 27.Qe5+ 
Qxe5 28.dxe5 Rxd1+ 29.Kxd1 Nd7 30.Ke2 Nxe5 31.Ke3 Kc7 32.g3 Ng4+ 33.Ke2 
Kd6 34.f4 gxf4 35.gxf4 f5 36.a3 a5 37.a4 Nf6 38.Kf3 Nd7 39.Ke3 Nb8 40.Bd1 
Nc6 41.Bf3 b6 42.Bh5 Nd4 43.Bd1 e5 44.Bh5 Nxb3 45.Bf7 Ke7 46.Bd5 Kf6 47.
Bb7 Nd4 48.Bc8 Ne6 49.fxe5+ Kxe5 50.Bb7 Ng5 51.Bc6 Ne4 52.Bb7 Nd6 53.Bd5 
b5 54.axb5 Nxb5 55.Bc6 Nd6 56.Kd3 Kf4 57.Bd7 Kg3 58.Kc3 f4 59.Bc6 f3 60.
Bxf3 Kxf3 61.Kb3 Ke3 62.Ka4 Kd4 63.Kxa5 Kxc4 0-1

[Event "21st Asia-ch (w)"]
[Site "Chengdu CHN"]
[Date "2017.05.14"]
[Round "3.18"]
[White "Frayna, Janelle Mae"]
[Black "Atabaeva, Gozel"]
[Result "1/2-1/2"]
[WhiteElo "2287"]
[BlackElo "1990"]
[EventDate "2017.05.12"]
[PlyCount "142"]

1.e4 c5 2.Nf3 Nc6 3.Bb5 g6 4.Bxc6 bxc6 5.O-O Bg7 6.Re1 Nh6 7.c3 O-O 8.d4 
cxd4 9.cxd4 d5 10.e5 f6 11.h3 Nf7 12.exf6 Bxf6 13.Nc3 Qd6 14.Be3 e5 15.
dxe5 Nxe5 16.Nxe5 Bxe5 17.Bd4 Bxd4 18.Qxd4 Bb7 19.Rad1 Rf4 20.Qe5 Qf8 21.
Rd2 Qf7 22.Qd6 Rf6 23.Qc5 Qf8 24.Na4 Ba6 25.Qxf8+ Rfxf8 26.Nc5 Bc8 27.Re7 
Rf7 28.Re8+ Rf8 29.Re3 a5 30.Rc3 Re8 31.f3 Ra7 32.Nb3 Bd7 33.Kf2 Kf7 34.
Rc5 a4 35.Nd4 Ra6 36.Rdc2 Rc8 37.f4 Ke7 38.g4 Kd6 39.Nf3 Rb8 40.Ne5 Rf8 
41.Nd3 Re8 42.Kf3 Rb8 43.Kf2 Re8 44.a3 Rea8 45.R5c3 Rb6 46.Nc5 Bc8 47.Ke3 
Ra7 48.Nd3 Re7+ 49.Ne5 Bb7 50.Kd4 g5 51.Rf3 gxf4 52.Nd3 Re4+ 53.Kc3 Rb3+ 
54.Kd2 Ba6 55.Rc3 Rxc3 56.bxc3 Bxd3 57.Kxd3 Ke5 58.h4 Re1 59.Rf2 Re3+ 60.
Kd2 Ke4 61.h5 Rg3 62.Re2+ Kf3 63.Re7 Rxg4 64.Rxh7 Rh4 65.h6 Rh2+ 66.Kd3 c5
67.Rh8 Kf2 68.Kd2 f3 69.h7 Kf1+ 70.Kd1 f2 71.Kd2 c4 1/2-1/2

[Event "21st Asia-ch (w)"]
[Site "Chengdu CHN"]
[Date "2017.05.14"]
[Round "3.19"]
[White "Hu Yu A"]
[Black "Swathi, Ghate"]
[Result "1/2-1/2"]
[WhiteElo "2043"]
[BlackElo "2280"]
[EventDate "2017.05.12"]
[PlyCount "154"]

1.e4 c5 2.Nf3 e6 3.d4 cxd4 4.Nxd4 Nc6 5.Nc3 Qc7 6.Be3 a6 7.Be2 Nf6 8.O-O 
Be7 9.f4 d6 10.Kh1 O-O 11.Qe1 Nxd4 12.Bxd4 b5 13.a3 Bb7 14.Qg3 Rad8 15.
Rae1 Rd7 16.Bd3 Qd8 17.Qh3 g6 18.f5 e5 19.Be3 Bc6 20.Bh6 Re8 21.fxg6 hxg6 
22.Qf3 Kh7 23.Qh3 Rh8 24.Bg5+ Kg7 25.Qf3 Rf8 26.a4 b4 27.Bxf6+ Bxf6 28.Nd5
Bxd5 29.exd5 a5 30.Bb5 Rc7 31.Bc6 Bg5 32.c3 Rh8 33.cxb4 Bd2 34.Rd1 Qh4 35.
h3 Bxb4 36.Rc1 f5 37.Qe3 Re7 38.Bb5 Qf6 39.Rc6 e4 40.b3 Rh4 41.Rc8 Bc5 42.
Qd2 f4 43.Qxa5 Qf5 44.Qc3+ Qe5 45.Qxe5+ Rxe5 46.Rc7+ Kh6 47.a5 f3 48.Kh2 
fxg2 49.Kxg2 Rg5+ 50.Kh2 Bd4 51.Bd7 Rxd5 52.Kg3 Kg5 53.b4 Be5+ 54.Kf2 Rd2+
55.Ke3 Rb2 56.Rb7 Rb3+ 57.Ke2 Rh7 58.a6 Bd4 59.Rd1 Rb2+ 60.Rd2 Rxd2+ 61.
Kxd2 Rf7 62.b5 Rf2+ 63.Ke1 Ra2 64.Be6 Ra4 65.Rf7 Rb4 66.Bd7 e3 67.Re7 Kf4 
68.Bc6 Bc5 69.a7 Rb1+ 70.Ke2 Rb2+ 71.Kd3 Rd2+ 72.Kc3 Bd4+ 73.Kc4 Bxa7 74.
Rxa7 e2 75.Re7 Kg3 76.Kc3 Ra2 77.Kd3 Kf2 1/2-1/2

[Event "21st Asia-ch (w)"]
[Site "Chengdu CHN"]
[Date "2017.05.14"]
[Round "3.21"]
[White "Mukhit, Aisezym"]
[Black "Luong Phuong Hanh"]
[Result "1/2-1/2"]
[WhiteElo "2034"]
[BlackElo "2224"]
[EventDate "2017.05.12"]
[PlyCount "104"]

1.d4 Nf6 2.c4 g6 3.Nc3 d5 4.Nf3 Bg7 5.Bg5 Ne4 6.cxd5 Nxg5 7.Nxg5 e6 8.Nf3 
exd5 9.b4 O-O 10.e3 a5 11.b5 c5 12.Rc1 c4 13.Be2 Be6 14.e4 dxe4 15.Nxe4 
Bd5 16.Nc3 Bxf3 17.Bxf3 Bxd4 18.Ne2 Bc5 19.Qxd8 Rxd8 20.O-O Nd7 21.Bxb7 
Rab8 22.Bd5 Ne5 23.Bxc4 Rd2 24.Bb3 Rxb5 25.Nc3 Rb4 26.Nb1 Bxf2+ 27.Rxf2 
Rxf2 28.Rc8+ Kg7 29.Kxf2 a4 30.Bc2 Ng4+ 31.Kg3 Ne3 32.Bd3 Rb2 33.Nc3 Nxg2 
34.Re8 g5 35.Re2 Rxe2 36.Bxe2 Nf4 37.Bb5 f5 38.Bxa4 Kf6 39.Bc6 Ke5 40.a4 
h5 41.Nb5 h4+ 42.Kf2 Nd3+ 43.Kg2 Nc5 44.a5 g4 45.h3 Ke6 46.Kh2 Ke7 47.Bg2 
Kd7 48.Nd4 Kc7 49.Nxf5 gxh3 50.Kxh3 Nb3 51.a6 Kb6 52.Bf1 Nc5 1/2-1/2

[Event "21st Asia-ch (w)"]
[Site "Chengdu CHN"]
[Date "2017.05.14"]
[Round "3.23"]
[White "Song Yuxin"]
[Black "Zhao Shengxin"]
[Result "1/2-1/2"]
[WhiteElo "1977"]
[BlackElo "2155"]
[EventDate "2017.05.12"]
[PlyCount "41"]

1.e4 c5 2.Nf3 d6 3.Bb5+ Nd7 4.d4 cxd4 5.Qxd4 e5 6.Qd3 Be7 7.c4 Nf6 8.Nc3 
O-O 9.Bxd7 Bxd7 10.Bg5 Bc6 11.Bxf6 Bxf6 12.O-O Rc8 13.b3 Qd7 14.Nd5 Bxd5 
15.Qxd5 Rfd8 16.Rfd1 b6 17.a4 Qc6 18.Qxc6 Rxc6 19.Rd5 Rc5 20.Rad1 Rxd5 21.
Rxd5 1/2-1/2

[Event "21st Asia-ch (w)"]
[Site "Chengdu CHN"]
[Date "2017.05.14"]
[Round "3.24"]
[White "Bayar Anu"]
[Black "Hamedi Nia, Vesal"]
[Result "1/2-1/2"]
[WhiteElo "2067"]
[BlackElo "1998"]
[EventDate "2017.05.12"]
[PlyCount "58"]

1.d4 d5 2.c4 c6 3.cxd5 cxd5 4.Nc3 Nf6 5.Bf4 Nc6 6.e3 a6 7.Rc1 e6 8.Bd3 Bd6
9.Bxd6 Qxd6 10.f4 O-O 11.Nf3 b5 12.O-O Bd7 13.Ne5 Na5 14.b3 Rfc8 15.Bb1 b4
16.Nxd7 Nxd7 17.Na4 Rxc1 18.Qxc1 Nc6 19.Rf2 g6 20.Bd3 Ne7 21.Rc2 f6 22.Rc7
Kf7 23.Rxd7 Qxd7 24.Nb6 Qb7 25.Nxa8 Qxa8 26.Qc5 a5 27.g4 Qc8 28.Qxc8 Nxc8 
29.Kf2 Nd6 1/2-1/2

[Event "21st Asia-ch (w)"]
[Site "Chengdu CHN"]
[Date "2017.05.14"]
[Round "3.25"]
[White "Ovezdurdieva, Jemal"]
[Black "Khan, Nazrana"]
[Result "1-0"]
[WhiteElo "2016"]
[BlackElo "1912"]
[EventDate "2017.05.12"]
[PlyCount "99"]

1.d4 d5 2.c4 e6 3.Nc3 Nf6 4.cxd5 exd5 5.Bg5 Be7 6.e3 c6 7.Bd3 O-O 8.Qc2 
Nbd7 9.Nge2 Re8 10.O-O Nf8 11.f3 Nh5 12.Bxe7 Qxe7 13.e4 Be6 14.e5 g6 15.g4
Ng7 16.Nf4 Rad8 17.Kh1 Bc8 18.Rg1 Nfe6 19.Nfe2 c5 20.dxc5 Nxc5 21.f4 Nxd3 
22.Qxd3 d4 23.Ne4 b6 24.Nf6+ Kh8 25.Rg3 Qb7+ 26.Kg1 Re6 27.Rh3 Rxf6 28.
exf6 Ne8 29.f5 gxf5 30.g5 Qd5 31.Rh4 Bb7 32.Qh3 Kg8 33.Rxh7 Qg2+ 34.Qxg2 
Bxg2 35.Rh4 Be4 36.Rd1 d3 37.Nc1 Nc7 38.Nxd3 Rxd3 39.Rxd3 Bxd3 40.Rd4 Bb5 
41.a4 Be8 42.Rc4 Ne6 43.Rc8 Kf8 44.h4 Nc5 45.Kh2 Nxa4 46.h5 Nc5 47.h6 Kg8 
48.Rxe8+ Kh7 49.Rf8 Kg6 50.Rg8+ 1-0

[Event "21st Asia-ch (w)"]
[Site "Chengdu CHN"]
[Date "2017.05.15"]
[Round "4.3"]
[White "Soumya, Swaminathan"]
[Black "Nakhbaeva, Guliskhan"]
[Result "1/2-1/2"]
[WhiteElo "2359"]
[BlackElo "2321"]
[EventDate "2017.05.12"]
[PlyCount "95"]

1.e4 c5 2.Nf3 e6 3.d4 cxd4 4.Nxd4 Nc6 5.Nc3 a6 6.Be3 Nf6 7.Qf3 Bb4 8.Nxc6 
bxc6 9.Bd4 d5 10.exd5 cxd5 11.Bd3 O-O 12.O-O Bb7 13.Rfe1 Qe7 14.a3 Bxc3 
15.bxc3 a5 16.a4 Ba6 17.Qe2 Bxd3 18.cxd3 Nd7 19.f4 Rfe8 20.Rab1 Qd6 21.Qg4
f6 22.Rb7 Qc6 23.Reb1 Re7 24.Qg3 Rae8 25.R7b5 e5 26.fxe5 fxe5 27.Be3 Qxc3 
28.Rxd5 Nf6 29.Rd6 Nh5 30.Qf3 Nf4 31.Rf1 Qa3 32.Qc6 Ne2+ 33.Kh1 e4 34.Qd5+
Kh8 35.Bg5 Rc7 36.Qxe4 Rcc8 37.Re6 Rxe6 38.Qxe6 Qc5 39.Be7 Qc2 40.Qf5 h6 
41.Bd6 Rd8 42.Be5 Qxd3 43.Bxg7+ Kxg7 44.Qf7+ Kh8 45.Qf6+ Kh7 46.Qf7+ Kh8 
47.Qf6+ Kh7 48.Qf7+ 1/2-1/2

[Event "21st Asia-ch (w)"]
[Site "Chengdu CHN"]
[Date "2017.05.15"]
[Round "4.6"]
[White "Padmini, Rout"]
[Black "Mohota, Nisha"]
[Result "1/2-1/2"]
[WhiteElo "2380"]
[BlackElo "2260"]
[EventDate "2017.05.12"]
[PlyCount "53"]

1.e4 e5 2.Nf3 Nc6 3.Bb5 a6 4.Ba4 Nf6 5.O-O Be7 6.Re1 b5 7.Bb3 d6 8.c3 O-O 
9.h3 Na5 10.Bc2 c5 11.d4 Qc7 12.d5 Bd7 13.Nbd2 g6 14.b3 c4 15.b4 Nb7 16.
Rb1 Nh5 17.Nf1 a5 18.a3 axb4 19.axb4 Ra2 20.Bh6 Rfa8 21.g4 Ng7 22.Ng3 Nd8 
23.Rc1 f6 24.Bb1 Ra1 25.Bc2 R1a2 26.Bb1 Ra1 27.Bc2 1/2-1/2

[Event "21st Asia-ch (w)"]
[Site "Chengdu CHN"]
[Date "2017.05.15"]
[Round "4.8"]
[White "Xu Yuze"]
[Black "Tokhiryonova, Gulrukhbegim"]
[Result "1/2-1/2"]
[WhiteElo "2040"]
[BlackElo "2299"]
[EventDate "2017.05.12"]
[PlyCount "89"]

1.e4 e5 2.Nf3 Nc6 3.Bc4 Bc5 4.O-O Nf6 5.d4 Bxd4 6.Nxd4 Nxd4 7.f4 d6 8.fxe5
dxe5 9.Bg5 Qe7 10.Na3 a6 11.c3 Ne6 12.Bxf6 gxf6 13.Qf3 Nf4 14.g3 Nh3+ 15.
Kh1 Ng5 16.Qxf6 Qxf6 17.Rxf6 Bg4 18.h4 Nxe4 19.Rxf7 O-O-O 20.Re1 Nd6 21.
Re7 e4 22.Kh2 Rdf8 23.Rf1 Re8 24.Rxe8+ Rxe8 25.Re1 Rf8 26.Kg2 Kd7 27.Be2 
Be6 28.b3 Rg8 29.Bc4 Bxc4 30.Nxc4 Nf5 31.Ne5+ Ke6 32.Rxe4 Kd5 33.Kf3 Nxg3 
34.Rg4 Rxg4 35.Nxg4 Nf5 36.Nf6+ Ke5 37.Nxh7 Nxh4+ 38.Ke3 Ng2+ 39.Kd2 Nh4 
40.Ng5 Nf5 41.Kd3 Nd6 42.Nf3+ Kd5 43.Nd2 b5 44.c4+ Kc5 45.a3 1/2-1/2

[Event "21st Asia-ch (w)"]
[Site "Chengdu CHN"]
[Date "2017.05.15"]
[Round "4.9"]
[White "Xiao Yiyi"]
[Black "Doan Thi Van Anh"]
[Result "1-0"]
[WhiteElo "2287"]
[BlackElo "1997"]
[EventDate "2017.05.12"]
[PlyCount "63"]

1.Nf3 Nf6 2.g3 b6 3.Bg2 Bb7 4.c4 d5 5.cxd5 Nxd5 6.O-O e6 7.Qa4+ Qd7 8.Qb3 
c5 9.d4 Nc6 10.Rd1 Na5 11.Qc2 Nb4 12.Qc3 Rc8 13.Ne5 Qe7 14.a3 Nd5 15.Qc2 
b5 16.e4 Nb6 17.Qc3 Nac4 18.Nxc4 Nxc4 19.d5 Qf6 20.dxe6 Qxe6 21.b3 Nb6 22.
Bb2 c4 23.Qa5 a6 24.Nc3 Bc5 25.b4 Be7 26.Bh3 Qxh3 27.Qxb6 Rb8 28.Nd5 Bd8 
29.Qd6 Rc8 30.Bxg7 Rg8 31.Nf6+ Bxf6 32.Bxf6 1-0

[Event "21st Asia-ch (w)"]
[Site "Chengdu CHN"]
[Date "2017.05.15"]
[Round "4.11"]
[White "Gong Qianyun"]
[Black "Tan Li Ting"]
[Result "1/2-1/2"]
[WhiteElo "2298"]
[BlackElo "2091"]
[EventDate "2017.05.12"]
[PlyCount "148"]

1.e4 e5 2.Nf3 Nc6 3.Bc4 Bc5 4.b4 Bxb4 5.c3 Ba5 6.d4 exd4 7.O-O Nf6 8.Ba3 
d6 9.e5 Ne4 10.exd6 cxd6 11.Qe2 Qe7 12.Re1 Nxc3 13.Qd3 Be6 14.Nxd4 Nxd4 
15.Nxc3 Bxc3 16.Qxc3 Qf6 17.Bb2 O-O 18.Bxe6 Nxe6 19.Qxf6 gxf6 20.Bxf6 Rfc8
21.Rad1 Rc2 22.a3 Ra2 23.Re3 Rc8 24.h4 Kf8 25.Rf3 Rc6 26.Rb1 b6 27.Rd1 
Rac2 28.Kh2 R2c4 29.g3 Ke8 30.Kg2 Rc1 31.Rdd3 R1c4 32.h5 b5 33.Rfe3 Kd7 
34.f4 R4c5 35.h6 Rf5 36.Be5 Kc7 37.Bc3 Rh5 38.Bb4 Kd7 39.Re5 Rxh6 40.Rxb5 
Nc7 41.Rf5 Ke6 42.Rg5 Ke7 43.f5 Na6 44.Bc3 Rc7 45.f6+ Kd7 46.Rgd5 Rc6 47.
Be5 Ke6 48.Bxd6 Kxf6 49.Bf8 Rg6 50.Rd7 Rc2+ 51.Kh3 Nc7 52.Rf3+ Ke6 53.Re7+
Kd5 54.Rf5+ Kc6 55.Rexf7 Ne6 56.R5f6 Kd5 57.Rd7+ Ke4 58.Rxg6 hxg6 59.Bb4 
a6 60.Rd6 Kf5 61.g4+ Ke5 62.Rxa6 g5 63.Kg3 Nd4 64.Ra5+ Ke4 65.Rxg5 Ne2+ 
66.Kh4 Ng1 67.Rf5 Nf3+ 68.Kg3 Ne5 69.Rf4+ Ke3 70.Rf8 Rc4 71.Rg8 Rxg4+ 72.
Rxg4 Nxg4 73.a4 Ne5 74.a5 Nc6 1/2-1/2

[Event "21st Asia-ch (w)"]
[Site "Chengdu CHN"]
[Date "2017.05.15"]
[Round "4.12"]
[White "Pratyusha, Bodda"]
[Black "Zhang Lanlin"]
[Result "0-1"]
[WhiteElo "2269"]
[BlackElo "2067"]
[EventDate "2017.05.12"]
[PlyCount "100"]

1.e4 e5 2.Nf3 Nc6 3.Bc4 Bc5 4.c3 d6 5.d3 Nf6 6.h3 a6 7.Bb3 h6 8.O-O O-O 9.
Nbd2 b5 10.a4 b4 11.Re1 Be6 12.Nc4 Ba7 13.Ne3 d5 14.cxb4 dxe4 15.Bxe6 exf3
16.Bc4 fxg2 17.Qf3 Bxe3 18.Bxe3 Nd4 19.Qxg2 Nh5 20.Bd5 Rb8 21.Bxh6 Rb6 22.
Bg5 Qd6 23.Rab1 Nf4 24.Bxf4 exf4 25.Kh1 Rxb4 26.Rg1 Qf6 27.b3 Ne2 28.Rge1 
Nc3 29.Rbc1 Nxd5 30.Qxd5 Rd8 31.Qf3 Rxb3 32.Rc6 Qh4 33.Rd1 Rb2 34.Kg2 Qg5+
35.Kh1 Qe5 36.Rxa6 Qd4 37.Kg2 Ra2 38.Rc1 Qxd3 39.Qxd3 Rxd3 40.Rxc7 Rg3+ 
41.Kf1 Rxh3 42.Kg2 Rg3+ 43.Kf1 Rf3 44.Ra8+ Kh7 45.Rxf7 Rfxf2+ 46.Kg1 f3 
47.Re8 Rg2+ 48.Kf1 Rh2 49.Kg1 Rag2+ 50.Kf1 Rh1# 0-1

[Event "21st Asia-ch (w)"]
[Site "Chengdu CHN"]
[Date "2017.05.15"]
[Round "4.13"]
[White "Nandhidhaa, Venkatachalam"]
[Black "Du Yuxin"]
[Result "1-0"]
[WhiteElo "2252"]
[BlackElo "2046"]
[EventDate "2017.05.12"]
[PlyCount "69"]

1.e4 c6 2.d4 d5 3.exd5 cxd5 4.c4 Nf6 5.Nc3 Nc6 6.Bf4 e6 7.c5 Be7 8.Bb5 O-O
9.Nf3 Ne4 10.O-O Nxc3 11.bxc3 Bd7 12.Rc1 Ne5 13.Nxe5 Bxb5 14.Re1 b6 15.c6 
Bg5 16.Bxg5 Qxg5 17.Qb3 Bc4 18.Qb2 Rfc8 19.a4 Qd8 20.Re3 a6 21.Qc2 Qd6 22.
Rce1 Rc7 23.Rh3 h6 24.Rg3 b5 25.a5 Kh8 26.Qd2 Rf8 27.Qf4 Qe7 28.Ree3 Bb3 
29.Rxg7 Kxg7 30.Rg3+ Qg5 31.Rxg5+ hxg5 32.Qxg5+ Kh7 33.Nd7 Rxd7 34.cxd7 f6
35.Qh5+ 1-0

[Event "21st Asia-ch (w)"]
[Site "Chengdu CHN"]
[Date "2017.05.15"]
[Round "4.14"]
[White "Atabaeva, Gozel"]
[Black "Geldieva, Mekhri"]
[Result "1/2-1/2"]
[WhiteElo "1990"]
[BlackElo "2169"]
[EventDate "2017.05.12"]
[PlyCount "56"]

1.e4 e6 2.d4 d5 3.exd5 exd5 4.Nf3 Bd6 5.Bd3 Nf6 6.Qe2+ Be7 7.O-O O-O 8.Re1
Re8 9.Bg5 Be6 10.Ne5 Nc6 11.c3 Nxe5 12.dxe5 Ng4 13.Bxe7 Qxe7 14.h3 Nh6 15.
Qh5 Rad8 16.Nd2 f6 17.exf6 Qxf6 18.Nf3 Bf7 19.Qg5 Qxg5 20.Nxg5 g6 21.Kf1 
Kg7 22.Rxe8 Rxe8 23.Re1 Rxe1+ 24.Kxe1 Bg8 25.a3 Kf6 26.f4 Nf7 27.Nxf7 Bxf7
28.Kf2 c5 1/2-1/2